Spatial frameworks and supplementary planning guidance for wind farms (Record no. 108959)

MARC details
000 -LEADER
fixed length control field 01983cam a22002775a 4500
001 - CONTROL NUMBER
control field E145893
008 - FIXED-LENGTH DATA ELEMENTS--GENERAL INFORMATION
fixed length control field 081120s2008 xxk s000 0 eng u
020 ## - INTERNATIONAL STANDARD BOOK NUMBER
International Standard Book Number 9780755972685
035 ## - SYSTEM CONTROL NUMBER
System control number (Sirsi) u145893
041 0# - LANGUAGE CODE
Language code of text/sound track or separate title eng
050 04 - LIBRARY OF CONGRESS CALL NUMBER
Classification number 711.1 $2 18
110 2# - MAIN ENTRY--CORPORATE NAME
Corporate name or jurisdiction name as entry element Scotland
Subordinate unit Scottish Government
9 (RLIN) 5344
245 00 - TITLE STATEMENT
Title Spatial frameworks and supplementary planning guidance for wind farms
Remainder of title PAN 45 annex 2
Medium [electronic resource]
260 ## - PUBLICATION, DISTRIBUTION, ETC.
Place of publication, distribution, etc. Edinburgh
Name of publisher, distributor, etc. Scottish Government
Date of publication, distribution, etc. 2008
490 #0 - SERIES STATEMENT
Series statement Planning Advice Note
Volume/sequential designation 45 Annex 2
505 2# - FORMATTED CONTENTS NOTE
Formatted contents note Introduction -- Context for preparing SPG -- Community and stakeholder involvement -- Strategic environmental assessment -- The principle -- Aims of the SPG's spatial framework -- The process of preparing a spatial framework: stage 1 areas afforded significant protection; stage 2 other constraints and policy criteria; stage 3 refining areas with no significant constraints; stage 4 identifying broad areas of search -- SPP6 and SPG: key items checklist -- Other SPG considerations: landscape/visual assessments; criteria based policies; forestry; applications of 20 MW and below; single turbines; in-shore proposals -- Conclusion -- Appendix 1 advice on the use of suspensive conditions
520 ## - SUMMARY, ETC.
Summary, etc. This Planning Advice Note (PAN) provides information to planning authorities on supplementary planning guidance for wind farms, especially relating to the preparation of spatial frameworks for wind farms which have a capacity of over 20 megawatts.
520 ## - SUMMARY, ETC.
Summary, etc. Annex to Planning Advice Note (PAN) 45 Renewable planning technologies (ISBN 0755903722).
650 ## - SUBJECT ADDED ENTRY--TOPICAL TERM
Topical term or geographic name entry element PAN45
650 ## - SUBJECT ADDED ENTRY--TOPICAL TERM
Topical term or geographic name entry element PLANNING ADVICE NOTES
651 #4 - SUBJECT ADDED ENTRY--GEOGRAPHIC NAME
Geographic name Scotland
Chronological subdivision 1999-
690 ## - LOCAL SUBJECT ADDED ENTRY--TOPICAL TERM (OCLC, RLIN)
Topical term or geographic name as entry element ENVIRONMENTAL AND LAND CONSULTANCY-PLANNING AND DEVELOPMENT
690 ## - LOCAL SUBJECT ADDED ENTRY--TOPICAL TERM (OCLC, RLIN)
Topical term or geographic name as entry element ENVIRONMENTAL AND LAND CONSULTANCY-ENERGY-RENEWABLE ENERGY
856 40 - ELECTRONIC LOCATION AND ACCESS
Uniform Resource Identifier <a href="https://www.scotland.gov.uk/Resource/Doc/244403/0068333.pdf">https://www.scotland.gov.uk/Resource/Doc/244403/0068333.pdf</a>
Public note View the PAN free of charge at www.scotland.gov.uk
942 ## - ADDED ENTRY ELEMENTS (KOHA)
Suppress in OPAC 0
Holdings
Withdrawn status Lost status Source of classification or shelving scheme Damaged status Not for loan Home library Current library Shelving location Date acquired Total Checkouts Full call number Barcode Date last seen Copy number Price effective from Koha item type
    Dewey Decimal Classification     Virtual Virtual Online 20/11/2008   ONLINE PUBLICATION 145893-2001 06/08/2019 1 06/08/2019 Book